| 000 | 00520cam a2200193 a 4500 | ||
|---|---|---|---|
| 003 | OSt | ||
| 005 | 20260424105358.0 | ||
| 008 | 010717s2001 ii bd 001 0 eng | ||
| 020 | _a8121508622 | ||
| 040 | _cHDL | ||
| 041 | _aeng | ||
| 082 | 0 | 0 | _a294.5 P1 |
| 245 | 1 | 2 |
_aA dictionary of Indian mythology / _cNarendra Nath Bhattacharyya. |
| 260 |
_aNew Delhi : _bMunshiram Manoharlal Publishers, _c2001. |
||
| 300 | _axxxiii, 326 p. | ||
| 651 |
_2Mythology _aIndia |
||
| 942 |
_2CC _cTEXL _n0 |
||
| 999 |
_c1848488 _d1848488 |
||